| 000 | 00000nam 2200000za 4500 |
| 001 | 9.603059 |
| 003 | CaOODSP |
| 005 | 20221107134152 |
| 007 | cr ||||||||||| |
| 008 | 150406|1996||||xxc|||||o f|0| 0 fre d |
| 040 | |aCaOODSP|bfre |
| 043 | |an-cn--- |
| 086 | 1 |aH71-2/34-50-1996F-PDF |
| 245 | 03|aUn bref aperçu de la démence au Canada |h[ressource électronique]. |
| 260 | |aOttawa - Ontario : |bSanté Canada. |cc1996. |
| 300 | |a19 p. |
| 490 | 1 |aVignette vieillissement ; |v#34-#50 |
| 500 | |a«Cette troisième série de Vignettes Vieillissement a été créée par le Conseil consultatif national sur le troisième âge (CCNTA) afin de fournir un portrait statistique de la santé et des aîné-e-s au Canada.»--Note aux lectures et lectrices. |
| 504 | |aComprend des réf. bibliogr. |
| 520 | 8 |aSommaire : «Vignette vieillissement» nos 34 à 50. |
| 590 | |a12-01-Supp|b2012-01-13 |
| 691 | 07|aMaladie dégénérative|2gcpds |
| 691 | 07|aVieillissement|2gcpds |
| 710 | 2 |aConseil consultatif national sur le troisième âge (Canada) |
| 775 | 08|tA quick portrait of dementia in Canada |w(CaOODSP)9.572790 |
| 776 | 0#|tA quick portrait of dementia in Canada |w(CaOODSP)9.532572 |
| 776 | 0#|tUn bref aperçu de la démence au Canada |w(CaOODSP)9.532573 |
| 830 | #0|aVignette vieillissement.|w(CaOODSP)9.503197 |
| 856 | 40|ahttp://publications.gc.ca|qPDF|s242 Ko|uhttps://publications.gc.ca/collections/Collection/H71-2-34-50-1996F.pdf |